Аналитическая философия

Dades bibliogràfiques
Autor principal: Грязнов А. Ф. Александр Феодосиевич
Sumari:В книге заслуженного профессора Московского государственного университета А.Ф. Грязнова (1948—2001) всесторонне освещается история аналитического движения на различных его этапах (от Б. Рассела, Дж.Э. Мура и Л. Витгенштейна до Дж. Сёрла, Д. Деннета и С. Приста), его современное состояние, специфика, проблемное поле, методология, а также соотношение с другими философскими движениями. Наиболее подробно рассматривается философия сознания, тем самым открывая для читателя новые и перспективные научные направления. Для студентов вузов, философов, логиков, лингвистов, психологов, всех интересующихся проблемой искусственного интеллекта и междисциплинарными исследованиями.
Idioma:rus
Publicat: Москва, Высшая школа, 2006
Col·lecció:Классика философской мысли
Matèries:
Format: Llibre
KOHA link:https://koha.lib.tpu.ru/cgi-bin/koha/opac-detail.pl?biblionumber=104774

MARC

LEADER 00000nam0a2200000 4500
001 104774
005 20231101214552.0
010 |a 5060051161 
035 |a (RuTPU)RU\TPU\book\112980 
090 |a 104774 
100 |a 20061107d2006 k y0rusy50 ca 
101 0 |a rus 
102 |a RU 
105 |a y z 001zd 
200 1 |a Аналитическая философия  |f А. Ф. Грязнов 
210 |a Москва  |c Высшая школа  |d 2006 
215 |a 375 с. 
225 1 |a Классика философской мысли 
320 |a Указатель имен: с. 371-373. 
330 |a В книге заслуженного профессора Московского государственного университета А.Ф. Грязнова (1948—2001) всесторонне освещается история аналитического движения на различных его этапах (от Б. Рассела, Дж.Э. Мура и Л. Витгенштейна до Дж. Сёрла, Д. Деннета и С. Приста), его современное состояние, специфика, проблемное поле, методология, а также соотношение с другими философскими движениями. Наиболее подробно рассматривается философия сознания, тем самым открывая для читателя новые и перспективные научные направления. Для студентов вузов, философов, логиков, лингвистов, психологов, всех интересующихся проблемой искусственного интеллекта и междисциплинарными исследованиями. 
600 1 |a Рассел  |g Бертран  |b Б.  |c английский философ  |c логик  |c математик  |c общественный деятель  |f 1872-1970  |2 stltpush  |3 (RuTPU)RU\TPU\pers\1589 
600 1 |a Мур  |b Дж. Э.  |c английский философ  |f 1873-1958  |g Джордж Эдвард  |2 stltpush  |3 (RuTPU)RU\TPU\pers\14345  |9 4738 
600 1 |a Витгенштейн  |g Людвиг  |b Л.  |c австрийский философ и логик  |f 1889-1951  |2 stltpush  |3 (RuTPU)RU\TPU\pers\1437 
606 1 |a Аналитическая философия  |x Критика  |2 stltpush  |3 (RuTPU)RU\TPU\subj\28997  |9 52416 
610 1 |a философия 
610 1 |a аналитическая философия 
610 1 |a 20 век 
610 1 |a история 
610 1 |a культура 
610 1 |a язык 
610 1 |a деятельность 
610 1 |a сознание 
610 1 |a психика 
610 1 |a психология 
686 |a Ю3(0)6-63/-68  |v LBC/SL-A  |2 rubbk 
700 1 |a Грязнов  |b А. Ф.  |g Александр Феодосиевич 
801 1 |a RU  |b 63413507  |c 20061107  |g PSBO 
801 2 |a RU  |b 63413507  |c 20140710  |g PSBO 
942 |c BK 
959 |a 90/20061025  |d 1  |e 238,00  |f ХФ:1